000 01330nam0a2200301 4500
001 RU\NLR\BIBL_A\012094467
005 20250623205503.0
035 _a(NLR Aleph) 012094467
090 _a11871684
_c11871684
100 _a20190916d1903 |||y0rusy50 ca
101 0 _arus
102 _aRU
105 _aach z 000zy
200 1 _aГрафофоны. Пластинки
_e[каталог
_fКолумбия фонограф компания]
210 _a[Санкт-Петербург]
_cТипо-литография В. Кене и Ко
_dценз. 1903
215 _a23, [1] с.
_cил., портр., факс.
_d17х25
606 1 _aМузыка
_jКаталоги
_xГраммофонные записи
_9898715
_3RU\NLR\AUTH\66326406
606 1 _aГраммофонные пластинки
_jКаталоги
_xТорговля
_yРоссия
_92423790
_3RU\NLR\AUTH\6601661737
686 3 _aЩ310.673я26
686 0 _aУ42(28)152.33я87
711 0 2 _a"Колумбия", американская граммофонная компания
_bОтделение
_cСанкт-Петербург
_9677682
_3RU\NLR\AUTH\880508738
852 _aNLR
_j34.48.3.781
942 _cBOOK
980 _aNB